000 00286nam a2200109Ia 4500
008 200302s9999 xx 000 0 und d
100 _aWerner Blaser
245 _aMies Van Der Rohe Farnsworth House
260 _bBirkhauser-Publishers for Architecure
260 _c1999
300 _a82 P.,
999 _c1143
_d1143